The distribution of household income and federal taxes ... /

Bibliographic Details
Corporate Author: United States. Congressional Budget Office (Author)
Format: Government Document Serial
Language:English
Published: [Washington, D.C.] : Congressional Budget Office, 2012-2016.
Subjects:
Online Access:https://purl.fdlp.gov/GPO/gpo155862

MARC

Tag First Indicator Second Indicator Subfields
LEADER 00000cas a2200000 i 4500
001 in00004445751
005 20211120112237.0
006 m o d f
007 cr |||||||||||
008 210520d20122016dcuar o f| 0eng c
010 |a  2021236554 
035 |a (OCoLC)on1251936606 
040 |a GPO  |b eng  |e rda  |e pn  |c GPO  |d GPO  |d MvI  |d UtOrBLW 
042 |a pcc 
043 |a n-us--- 
049 |a WWW 
074 |a 1005-C-17 (online) 
086 0 |a Y 10.35: 
110 1 |a United States.  |b Congressional Budget Office,  |e author.  |0 http://id.loc.gov/authorities/names/n79032981 
245 1 4 |a The distribution of household income and federal taxes ... /  |c Congressional Budget Office. 
264 1 |a [Washington, D.C.] :  |b Congressional Budget Office,  |c 2012-2016. 
300 |a 1 online resource 
310 |a Annual 
336 |a text  |b txt  |2 rdacontent 
337 |a computer  |b c  |2 rdamedia 
338 |a online resource  |b cr  |2 rdacarrier 
362 1 |a Began with: 2008/2009; ceased with 2013. 
588 0 |a 2008/2009; title from cover (CBO, viewed May 20, 2021). 
588 1 |a 2013 (viewed May 20, 2021). 
650 0 |a Income distribution  |z United States  |v Periodicals. 
650 0 |a Households  |x Economic aspects  |z United States  |v Periodicals. 
650 0 |a Income  |z United States  |v Periodicals. 
650 0 |a Means tests  |x Economic aspects  |z United States  |v Periodicals. 
776 0 8 |i Print version:  |a United States. Congressional Budget Office.  |t Distribution of household income and federal taxes  |w (DLC) 2019230024  |w (OCoLC)1114598226 
856 4 0 |u https://purl.fdlp.gov/GPO/gpo155862  |t 0 
999 f f |s e782c807-5bcd-3330-9038-2702ba90d7ee  |i 3c6db70a-7599-3203-a5cc-32a65516b523  |t 0 
952 f f |a Texas A&M University  |b College Station  |c Electronic Resources  |d Available Online  |t 0  |e Y 10.35:  |h Superintendent of Documents classification 
998 f f |a Y 10.35:  |t 0  |l Available Online